[Event "Oberliga NRW 1920"]
[Site "Germany"]
[Date "2020.03.08"]
[Round "7.4"]
[White "Wessendorf, Thomas"]
[Black "Klip, Hans"]
[Result "1-0"]
[WhiteElo "2206"]
[BlackElo "2253"]
[PlyCount "69"]
[EventDate "2019.09.15"]
[EventType "team-tourn"]
[EventRounds "9"]
[EventCountry "GER"]
[SourceTitle "EXT 2022"]
[Source "ChessBase"]
[SourceDate "2021.10.06"]
[SourceVersion "1"]
[SourceVersionDate "2021.10.06"]
[SourceQuality "1"]
[WhiteTeam "Essen Katernberg"]
[BlackTeam "Plettenberg"]
[WhiteTeamCountry "GER"]
[BlackTeamCountry "GER"]

1. e4 e5 2. Nf3 Nc6 3. Bb5 Nf6 4. 0-0 Bc5 5. Nxe5 Nxe5 6. d4 a6 7. Be2 Nxe4 8. dxc5 Nxc5 9. b4 Ne6 10. f4 Nc6 11. f5 Ned4 12. f6 g6 13. Bb2 Ne6 14. Nc3 d6 15. Nd5 Bd7 16. Qd2 Qb8 17. a4 Qa7+ 18. Kh1 0-0-0 19. b5 Ne5 20. b6 cxb6 21. Qb4 Bc6 22. Nxb6+ Kc7 23. a5 Nd7 24. Nc4 Ndc5 25. Rad1 Bb5 26. Bf3 Bxc4 27. Qxc4 Kb8 28. Rxd6 Rxd6 29. Be5 Rhd8 30. Rd1 b5 31. Rxd6 Rxd6 32. Bxd6+ Kc8 33. Qd5 Nd7 34. Qc6+ Nc7 35. Bg4 1-0

[Event "NRW Class2 1819"]
[Site "Germany"]
[Date "2019.05.12"]
[Round "9.4"]
[White "Kesseler, Heiko"]
[Black "Klip, Hans"]
[Result "0-1"]
[WhiteElo "2116"]
[BlackElo "2295"]
[PlyCount "96"]
[EventDate "2018.09.16"]
[EventType "team-tourn"]
[EventRounds "9"]
[EventCountry "GER"]
[SourceTitle "EXT 2023"]
[Source "ChessBase"]
[SourceDate "2022.10.05"]
[SourceVersion "1"]
[SourceVersionDate "2022.10.05"]
[SourceQuality "1"]
[WhiteTeam "Duesseldorf II"]
[BlackTeam "Plettenberg"]
[WhiteTeamCountry "GER"]
[BlackTeamCountry "GER"]

1. e4 e5 2. Nf3 Nc6 3. Bb5 Nf6 4. 0-0 Bc5 5. d3 d6 6. c3 0-0 7. Bg5 h6 8. Bh4 Nb8 9. Nbd2 c6 10. Ba4 Nbd7 11. b4 Bb6 12. Nc4 Bc7 13. Ne3 Re8 14. Bb3 Nf8 15. Re1 Ng6 16. Bg3 Be6 17. Bxe6 Rxe6 18. Nf5 Qd7 19. N3h4 a5 20. a3 d5 21. Qe2 Kh7 22. Red1 Nf4 23. Qc2 N4h5 24. c4 Nxg3 25. Nxg3 Ree8 26. Rac1 Rac8 27. h3 axb4 28. axb4 g6 29. Qe2 Bd6 30. Qf3 Qe6 31. c5 Be7 32. Qe2 Nxe4 33. Nf3 Nxg3 34. fxg3 Bf6 35. Re1 Bg7 36. Qc2 f5 37. Nd4 Qf6 38. Ne2 Qg5 39. Kh2 h5 40. h4 Qg4 41. Ng1 Bh6 42. Ra1 f4 43. Nf3 e4 44. dxe4 dxe4 45. Ra7 exf3 46. Rxb7+ Bg7 47. Rxe8 Qxg3+ 48. Kg1 Rxe8 0-1

[Event "NRW Class2 1819"]
[Site "Germany"]
[Date "2018.11.18"]
[Round "3.4"]
[White "Janyska, Dennis"]
[Black "Klip, Hans"]
[Result "1/2-1/2"]
[WhiteElo "2044"]
[BlackElo "2255"]
[PlyCount "33"]
[EventDate "2018.09.16"]
[EventType "team-tourn"]
[EventRounds "9"]
[EventCountry "GER"]
[SourceTitle "EXT 2022"]
[Source "ChessBase"]
[SourceDate "2021.10.06"]
[SourceVersion "1"]
[SourceVersionDate "2021.10.06"]
[SourceQuality "1"]
[WhiteTeam "Guetersloh"]
[BlackTeam "Plettenberg"]
[WhiteTeamCountry "GER"]
[BlackTeamCountry "GER"]

1. e4 e5 2. Nf3 Nc6 3. Bb5 Nf6 4. 0-0 Bc5 5. Nxe5 Nxe5 6. d4 a6 7. Be2 Nxe4 8. dxc5 Nc6 9. Qd5 Nf6 10. Qg5 0-0 11. b3 h6 12. Qh4 Re8 13. Bd3 Ne5 14. Bb2 Qe7 15. Qd4 d6 16. cxd6 Qxd6 17. Qxd6 1/2-1/2

[Event "NRW Class2 1819"]
[Site "Germany"]
[Date "2018.10.14"]
[Round "2.4"]
[White "Klip, Hans"]
[Black "Engels, Natia"]
[Result "1-0"]
[WhiteElo "2269"]
[BlackElo "2068"]
[PlyCount "115"]
[EventDate "2018.09.16"]
[EventType "team-tourn"]
[EventRounds "9"]
[EventCountry "GER"]
[SourceTitle "EXT 2022"]
[Source "ChessBase"]
[SourceDate "2021.10.06"]
[SourceVersion "1"]
[SourceVersionDate "2021.10.06"]
[SourceQuality "1"]
[WhiteTeam "Plettenberg"]
[BlackTeam "Suedlohn"]
[WhiteTeamCountry "GER"]
[BlackTeamCountry "GER"]

1. e4 c5 2. Nf3 Nc6 3. Bb5 Nd4 4. Nxd4 cxd4 5. 0-0 g6 6. c3 Qb6 7. Ba4 Bg7 8. cxd4 Bxd4 9. Nc3 Nf6 10. d3 0-0 11. Bb3 d6 12. Ne2 Bg4 13. h3 Bxe2 14. Qxe2 a5 15. Rb1 a4 16. Bc4 e6 17. a3 d5 18. Ba2 Qd6 19. Qf3 dxe4 20. dxe4 Qe5 21. Re1 Rfc8 22. Re2 Rc6 23. Bf4 Qb5 24. Rd1 Be5 25. Bg5 Rac8 26. Red2 Bh2+ 27. Kxh2 Qxg5 28. Bb1 Rc1 29. Qg3 Qxg3+ 30. fxg3 Rxd1 31. Rxd1 Rc4 32. Rd8+ Kg7 33. e5 Nd5 34. Rb8 Ne3 35. Rxb7 Nf1+ 36. Kg1 Rc1 37. Bd3 Nxg3+ 38. Kf2 Nh1+ 39. Kf3 Rd1 40. Bc4 Kf8 41. Bb5 Re1 42. g4 Rg1 43. Bxa4 Rg3+ 44. Ke2 Rxh3 45. Kf1 Rd3 46. Bc6 Ng3+ 47. Kf2 h5 48. gxh5 gxh5 49. a4 h4 50. a5 Rd2+ 51. Ke3 Nf1+ 52. Kf4 Rd4+ 53. Kg5 Kg7 54. a6 h3 55. a7 h2 56. a8Q Rd5 57. Bxd5 exd5 58. Qe8 1-0

[Event "NRW Class2 1718"]
[Site "Germany"]
[Date "2018.02.18"]
[Round "6"]
[White "Wecker, Martin"]
[Black "Klip, Hans"]
[Result "0-1"]
[WhiteElo "2114"]
[BlackElo "2302"]
[PlyCount "52"]
[EventDate "2017.09.17"]
[EventType "team-tourn"]
[EventRounds "9"]
[EventCountry "GER"]
[SourceTitle "EXT 2019"]
[Source "ChessBase"]
[SourceDate "2018.10.10"]
[SourceVersion "1"]
[SourceVersionDate "2018.10.10"]
[SourceQuality "1"]
[WhiteTeam "Godesberg"]
[BlackTeam "Plettenberg"]
[WhiteTeamCountry "GER"]
[BlackTeamCountry "GER"]

1. d4 f5 2. Nc3 Nf6 3. Bg5 d5 4. f3 Nc6 5. Qd3 e6 6. a3 Be7 7. 0-0-0 0-0 8. Nh3 Rb8 9. e4 b5 10. e5 Nd7 11. Bxe7 Qxe7 12. Nxb5 Nb6 13. Nc3 Na5 14. Qb5 Nb7 15. Qb4 c5 16. dxc5 Nxc5 17. Nf4 Bd7 18. Qd4 Rfc8 19. Nd3 Nca4 20. Nxa4 Bxa4 21. Ne1 Nc4 22. Bxc4 Rxc4 23. Qe3 Qb7 24. b4 a5 25. Rd4 Qa7 26. c3 axb4 0-1

[Event "NRW Class1 1617"]
[Site "Germany"]
[Date "2017.02.12"]
[Round "6.3"]
[White "Klip, Hans"]
[Black "Bee, Marcus"]
[Result "1-0"]
[WhiteElo "2346"]
[BlackElo "2176"]
[PlyCount "57"]
[EventDate "2016.09.25"]
[EventType "team-tourn"]
[EventRounds "9"]
[EventCountry "GER"]
[SourceTitle "EXT 2023"]
[Source "ChessBase"]
[SourceDate "2022.10.05"]
[SourceVersion "1"]
[SourceVersionDate "2022.10.05"]
[SourceQuality "1"]
[WhiteTeam "Plettenberg"]
[BlackTeam "Katernberg SF II"]
[WhiteTeamCountry "GER"]
[BlackTeamCountry "GER"]

1. e4 g6 2. d4 Bg7 3. Nc3 c6 4. Be3 d5 5. f3 dxe4 6. fxe4 Nf6 7. h3 0-0 8. Nf3 Qa5 9. Bd3 c5 10. dxc5 Na6 11. 0-0 Nxc5 12. Qe1 Bd7 13. Rd1 Nxd3 14. cxd3 Bc6 15. Nd4 Rac8 16. Qf2 b6 17. a3 Qh5 18. Nxc6 Rxc6 19. d4 e6 20. Bf4 Qa5 21. Bd2 Qh5 22. e5 Nd7 23. Qe1 Rc4 24. Ne2 Bh6 25. Ng3 Qh4 26. Nf5 Qxe1 27. Nxh6+ Kg7 28. Rdxe1 Rxd4 29. Bc3 1-0

[Event "Porto San Giorgio op 27th"]
[Site "Porto San Giorgio"]
[Date "2016.08.27"]
[Round "8"]
[White "Klip, Hans"]
[Black "Vezzosi, Paolo"]
[Result "1-0"]
[WhiteElo "2346"]
[BlackElo "2340"]
[PlyCount "91"]
[EventDate "2016.08.20"]
[EventType "swiss"]
[EventRounds "9"]
[EventCountry "ITA"]
[SourceTitle "CBM 174 Extra"]
[Source "ChessBase"]
[SourceDate "2016.10.10"]
[SourceVersion "1"]
[SourceVersionDate "2016.10.10"]
[SourceQuality "1"]

1. e4 c5 2. Nf3 e6 3. Nc3 Nc6 4. Bb5 Nd4 5. 0-0 a6 6. Bd3 Ne7 7. Nxd4 cxd4 8. Ne2 Nc6 9. c3 Bc5 10. Qc2 d6 11. b3 e5 12. Bb2 Bg4 13. Kh1 Rc8 14. Rae1 Qh4 15. Ng3 0-0 16. Qb1 Qg5 17. Be2 h5 18. Qd3 g6 19. h3 Be6 20. Bf3 dxc3 21. dxc3 Bxf2 22. Rxf2 Qxg3 23. Ref1 Rcd8 24. Bc1 f5 25. exf5 Rxf5 26. Qe3 Bf7 27. Qb6 d5 28. Be3 Rd7 29. Qc5 Qh4 30. Be2 Rxf2 31. Bxf2 Qe7 32. Qb6 Qd8 33. Qe3 Kh7 34. Bg3 e4 35. Qf2 Qa5 36. Bxh5 Qxc3 37. Bg4 e3 38. Qf4 Re7 39. Bh4 e2 40. Bxe2 Rxe2 41. Qxf7+ Qg7 42. Qxd5 Re5 43. Qd3 Rh5 44. Bf6 Qf7 45. Bc3 Qe8 46. Rf6 1-0

[Event "Porto San Giorgio op 27th"]
[Site "Porto San Giorgio"]
[Date "2016.08.23"]
[Round "4"]
[White "Klip, Hans"]
[Black "Luciani, Valerio"]
[Result "1-0"]
[WhiteElo "2346"]
[BlackElo "2144"]
[PlyCount "75"]
[EventDate "2016.08.20"]
[EventType "swiss"]
[EventRounds "9"]
[EventCountry "ITA"]
[SourceTitle "CBM 174 Extra"]
[Source "ChessBase"]
[SourceDate "2016.10.10"]
[SourceVersion "1"]
[SourceVersionDate "2016.10.10"]
[SourceQuality "1"]

1. e4 e6 2. Nf3 d5 3. Nc3 Nf6 4. e5 Nfd7 5. d4 c5 6. dxc5 Nc6 7. Bf4 Nxc5 8. Be2 a6 9. 0-0 d4 10. Nb1 b5 11. Ng5 Be7 12. Bf3 Bb7 13. Ne4 0-0 14. Nxc5 Bxc5 15. Nd2 Qb6 16. Be4 Nb4 17. Qh5 g6 18. Qh4 Rfe8 19. Bg5 Nd5 20. Bf3 Bf8 21. Rfe1 Bg7 22. Bh6 Qd8 23. Qxd8 Rexd8 24. Bxg7 Kxg7 25. Nb3 Rab8 26. Nc5 Bc8 27. Red1 Nb6 28. b3 f6 29. Re1 Kf7 30. Rad1 fxe5 31. Rxe5 Nd7 32. Rxd4 Nxe5 33. Rxd8 Nxf3+ 34. gxf3 Ra8 35. f4 h6 36. b4 g5 37. fxg5 hxg5 38. h3 1-0

[Event "Porto San Giorgio op 27th"]
[Site "Porto San Giorgio"]
[Date "2016.08.21"]
[Round "2"]
[White "Klip, Hans"]
[Black "Piva, Giorgio"]
[Result "1-0"]
[WhiteElo "2346"]
[BlackElo "2161"]
[PlyCount "81"]
[EventDate "2016.08.20"]
[EventType "swiss"]
[EventRounds "9"]
[EventCountry "ITA"]
[SourceTitle "CBM 174 Extra"]
[Source "ChessBase"]
[SourceDate "2016.10.10"]
[SourceVersion "1"]
[SourceVersionDate "2016.10.10"]
[SourceQuality "1"]

1. e4 c5 2. Nf3 g6 3. d4 cxd4 4. Nxd4 Bg7 5. Nc3 Nc6 6. Be3 Nf6 7. Bc4 d6 8. h3 0-0 9. Bb3 Na5 10. 0-0 b6 11. Re1 Bb7 12. Qd3 a6 13. Rad1 b5 14. Bg5 Nxb3 15. axb3 h6 16. Bh4 Re8 17. b4 Rc8 18. Nb3 g5 19. Bg3 Qb6 20. Na5 Ba8 21. Qe2 Rcd8 22. h4 d5 23. hxg5 hxg5 24. e5 Ne4 25. Nxe4 dxe4 26. Qg4 Rxd1 27. Rxd1 e3 28. Qxg5 e2 29. Re1 Qd4 30. c3 Qd5 31. f3 f6 32. Qe3 fxe5 33. Rxe2 e4 34. fxe4 Qd1+ 35. Re1 Qg4 36. Nb3 Rf8 37. Nc5 Rf6 38. Qd3 Rg6 39. Re3 Be5 40. Qd8+ Kh7 41. Qxe7+ 1-0

[Event "Oberliga NRW 1516"]
[Site "Germany"]
[Date "2016.02.14"]
[Round "6.3"]
[White "Klip, Hans"]
[Black "Docx, Stefan"]
[Result "1/2-1/2"]
[WhiteElo "2346"]
[BlackElo "2419"]
[PlyCount "65"]
[EventDate "2015.09.27"]
[EventType "team-tourn"]
[EventRounds "9"]
[EventCountry "GER"]
[SourceTitle "EXT 2017"]
[Source "ChessBase"]
[SourceDate "2016.10.25"]
[SourceVersion "1"]
[SourceVersionDate "2016.10.25"]
[SourceQuality "1"]
[WhiteTeam "Plettenberg"]
[BlackTeam "Wuerselen"]
[WhiteTeamCountry "GER"]
[BlackTeamCountry "GER"]

1. e4 c5 2. Nf3 e6 3. Nc3 a6 4. d4 cxd4 5. Nxd4 Qc7 6. Bd3 Bc5 7. Nb3 Be7 8. 0-0 d6 9. Qe2 Nd7 10. f4 Ngf6 11. Bd2 b5 12. a4 b4 13. Nd1 Bb7 14. Nf2 a5 15. Rae1 e5 16. c3 bxc3 17. Bxc3 0-0 18. Qd2 Nc5 19. Nxc5 Qxc5 20. Kh1 Rfe8 21. Bb5 Bc6 22. Nd3 Qb6 23. Bxa5 Qb7 24. Bxc6 Qxc6 25. fxe5 dxe5 26. Nxe5 Qxa4 27. Bc3 Rf8 28. Qf4 Bb4 29. Ng4 Bxc3 30. bxc3 Nxg4 31. Qxg4 Qc4 32. Rf3 Rae8 33. h3 1/2-1/2

[Event "Oberliga NRW 1415"]
[Site "Germany"]
[Date "2015.04.26"]
[Round "9.4"]
[White "Ludwig, Peter"]
[Black "Klip, Hans"]
[Result "1/2-1/2"]
[WhiteElo "2177"]
[BlackElo "2316"]
[PlyCount "86"]
[EventDate "2014.09.14"]
[EventType "team-tourn"]
[EventRounds "9"]
[EventCountry "GER"]
[SourceTitle "EXT 2017"]
[Source "ChessBase"]
[SourceDate "2016.10.25"]
[SourceVersion "1"]
[SourceVersionDate "2016.10.25"]
[SourceQuality "1"]
[WhiteTeam "Koeln SF"]
[BlackTeam "Plettenberg"]
[WhiteTeamCountry "GER"]
[BlackTeamCountry "GER"]

1. d4 f5 2. g3 Nf6 3. Bg2 g6 4. Nh3 Bg7 5. Nc3 Nc6 6. Bg5 d6 7. d5 Ne5 8. Nf4 c6 9. Nd3 Nxd3+ 10. Qxd3 Bd7 11. 0-0 Rc8 12. Rfe1 h6 13. Bxf6 Bxf6 14. dxc6 bxc6 15. e4 0-0 16. f4 Qb6+ 17. Kh1 Rcd8 18. e5 dxe5 19. Qc4+ Kh7 20. fxe5 Bg7 21. Rab1 Qb8 22. Qc5 Be6 23. Qxc6 Bc8 24. Qc5 Rd2 25. Qxe7 Rxc2 26. Nd5 Bb7 27. Nf6+ Rxf6 28. Qxb7 Qxb7 29. Bxb7 Re6 30. Bd5 Rxe5 31. Rxe5 Bxe5 32. Re1 Bd4 33. Re7+ Kh8 34. b4 g5 35. Re1 Rb2 36. Bb3 f4 37. gxf4 gxf4 38. Rc1 Be3 39. Rc2 Rb1+ 40. Kg2 Kg7 41. Kf3 h5 42. Rg2+ Kf6 43. Rg6+ Kxg6 1/2-1/2

[Event "NED-chT 1314"]
[Site "Netherlands"]
[Date "2014.05.10"]
[Round "9.8"]
[White "Schoorl, Rob"]
[Black "Klip, Hans"]
[Result "1-0"]
[WhiteElo "2340"]
[BlackElo "2335"]
[PlyCount "65"]
[EventDate "2013.09.21"]
[EventType "team-tourn"]
[EventRounds "9"]
[EventCountry "NED"]
[SourceTitle "EXT 2015"]
[Source "ChessBase"]
[SourceDate "2014.11.20"]
[SourceVersion "1"]
[SourceVersionDate "2014.11.20"]
[SourceQuality "1"]
[WhiteTeam "Calder HMC"]
[BlackTeam "Utrecht"]
[WhiteTeamCountry "NED"]
[BlackTeamCountry "NED"]

1. e4 e5 2. Nf3 Nc6 3. Bb5 Nf6 4. d3 Bc5 5. c3 0-0 6. 0-0 Re8 7. Nbd2 a6 8. Ba4 b5 9. Bc2 d6 10. b4 Bb6 11. Bb2 Bb7 12. a3 Qd7 13. d4 Rad8 14. Rc1 Ne7 15. dxe5 dxe5 16. c4 Bd4 17. Bxd4 exd4 18. e5 Ng4 19. Bxh7+ Kxh7 20. e6 fxe6 21. Ng5+ Kg8 22. Qxg4 Nf5 23. Qh5 Nh6 24. Qg6 e5 25. cxb5 axb5 26. Qh7+ Kf8 27. f4 e4 28. f5 Nf7 29. Rxc7 Qxc7 30. Ne6+ Rxe6 31. fxe6 Rd7 32. Qh8+ Ke7 33. exf7 1-0

[Event "NED-chT 1314"]
[Site "Netherlands"]
[Date "2014.03.08"]
[Round "6.2"]
[White "Van Haastert, Edwin"]
[Black "Klip, Hans"]
[Result "1-0"]
[WhiteElo "2421"]
[BlackElo "2335"]
[PlyCount "113"]
[EventDate "2013.09.21"]
[EventType "team-tourn"]
[EventRounds "9"]
[EventCountry "NED"]
[SourceTitle "EXT 2015"]
[Source "ChessBase"]
[SourceDate "2014.11.20"]
[SourceVersion "1"]
[SourceVersionDate "2014.11.20"]
[SourceQuality "1"]
[WhiteTeam "Leiden LSG"]
[BlackTeam "Utrecht"]
[WhiteTeamCountry "NED"]
[BlackTeamCountry "NED"]

1. c4 f5 2. g3 Nf6 3. Nc3 g6 4. Bg2 Bg7 5. d3 0-0 6. e4 fxe4 7. dxe4 d6 8. Nge2 c5 9. 0-0 Nc6 10. f4 Be6 11. b3 Qd7 12. Be3 Rad8 13. Rc1 b6 14. f5 Bf7 15. h3 e6 16. fxe6 Bxe6 17. Nf4 Nd4 18. Bxd4 cxd4 19. Nxe6 Qxe6 20. Qxd4 Nh5 21. Qe3 Qe5 22. Ne2 Qa5 23. a4 Qc5 24. Qxc5 bxc5 25. Bf3 Nf6 26. Nf4 Rfe8 27. Rfe1 g5 28. Nd3 Nd7 29. Bg4 Bd4+ 30. Kg2 Ne5 31. Nxe5 Bxe5 32. Rf1 Rf8 33. Be6+ Kg7 34. Rf5 Rxf5 35. exf5 Rb8 36. Rb1 Kf6 37. Kf3 a5 38. g4 Rh8 39. Ke4 h5 40. Kd5 hxg4 41. hxg4 Rh4 42. Rg1 Rh3 43. Kc6 Rh4 44. Kb6 Bc3 45. Rg3 Be1 46. Re3 Bb4 47. Rg3 Be1 48. Rg2 Rh3 49. Bd7 Rxb3+ 50. Bb5 Bb4 51. Re2 Rg3 52. Re6+ Kf7 53. Be8+ Kf8 54. f6 Bd2 55. Bg6 Re3 56. Rxd6 Rb3+ 57. Ka7 1-0

[Event "NED-chT 1112"]
[Site "Netherlands"]
[Date "2011.10.29"]
[Round "2.8"]
[White "Klip, Hans"]
[Black "Van Engen, Herman J"]
[Result "1-0"]
[WhiteElo "2381"]
[BlackElo "2089"]
[PlyCount "47"]
[EventDate "2011.09.17"]
[EventType "team-tourn"]
[EventRounds "9"]
[EventCountry "NED"]
[SourceTitle "EXT 2012"]
[Source "ChessBase"]
[SourceDate "2011.11.24"]
[SourceVersion "1"]
[SourceVersionDate "2011.11.24"]
[SourceQuality "1"]
[WhiteTeam "Utrecht"]
[BlackTeam "Hilversum HSG"]
[WhiteTeamCountry "NED"]
[BlackTeamCountry "NED"]

1. e4 e6 2. d4 d5 3. Nc3 Nf6 4. Bg5 Bb4 5. exd5 Qxd5 6. Bxf6 gxf6 7. Qd2 Qa5 8. Nge2 Bd7 9. 0-0-0 Nc6 10. a3 Bd6 11. d5 Ne5 12. Nd4 a6 13. g3 0-0-0 14. f4 Ng6 15. Bh3 exd5 16. Nb3 Qb6 17. Nxd5 Qb5 18. Bf1 Qc6 19. Bg2 Qb5 20. Qc3 Bg4 21. a4 Qe8 22. Nxf6 Qe6 23. Rde1 Qf5 24. Be4 1-0

[Event "NED-chT 1112"]
[Site "Netherlands"]
[Date "2011.09.17"]
[Round "1.6"]
[White "Kabatianski, Alexander"]
[Black "Klip, Hans"]
[Result "1-0"]
[WhiteElo "2410"]
[BlackElo "2381"]
[PlyCount "99"]
[EventDate "2011.09.17"]
[EventType "team-tourn"]
[EventRounds "9"]
[EventCountry "NED"]
[SourceTitle "CBM 144 Extra"]
[Source "ChessBase"]
[SourceDate "2011.10.28"]
[SourceVersion "1"]
[SourceVersionDate "2011.10.28"]
[SourceQuality "1"]
[WhiteTeam "Apeldoorn"]
[BlackTeam "Utrecht"]
[WhiteTeamCountry "NED"]
[BlackTeamCountry "NED"]

1. d4 f5 2. g3 Nf6 3. Bg2 g6 4. Nh3 Bg7 5. c4 0-0 6. 0-0 d6 7. d5 Na6 8. Nc3 Nc5 9. Qc2 e5 10. dxe6 c6 11. b3 Qe7 12. Nf4 Nxe6 13. Rd1 Ng4 14. h3 Nh6 15. Be3 Nxf4 16. gxf4 Nf7 17. Bd4 Bh6 18. e3 Be6 19. Ne2 Rfe8 20. Kh2 a6 21. Qb2 Qf8 22. a4 Bg7 23. Rg1 Rad8 24. Qc2 Rd7 25. Rad1 Nd8 26. Rd2 Bxd4 27. Nxd4 Rg7 28. b4 Qf6 29. b5 Bd7 30. Qd1 axb5 31. axb5 Kh8 32. Bh1 Qf7 33. Nf3 Qe7 34. Rxd6 cxb5 35. Ne5 Bc6 36. cxb5 Bxh1 37. Rxh1 Nf7 38. Rd7 Qh4 39. Nxf7+ Rxf7 40. Rf1 Ree7 41. Qd4+ Kg8 42. Rd8+ Rf8 43. Rxf8+ Kxf8 44. Kg2 Kf7 45. Rc1 g5 46. Qd5+ Kf6 47. Qd6+ Kf7 48. Rc5 g4 49. Rxf5+ Ke8 50. Qb8+ 1-0

[Event "Arctic Chess Challenge"]
[Site "Tromsoe"]
[Date "2010.08.03"]
[Round "4"]
[White "Rehn, Ralf"]
[Black "Klip, Hans"]
[Result "1/2-1/2"]
[WhiteElo "2164"]
[BlackElo "2366"]
[PlyCount "28"]
[EventDate "2010.07.31"]
[EventType "swiss"]
[EventRounds "9"]
[EventCountry "NOR"]
[SourceTitle "CBM 137 Extra"]
[Source "ChessBase"]
[SourceDate "2010.09.01"]
[SourceVersion "1"]
[SourceVersionDate "2010.09.01"]
[SourceQuality "1"]

1. d4 f5 2. Bg5 g6 3. e3 Bg7 4. Nf3 d6 5. Bc4 Nf6 6. c3 h6 7. Bxf6 Bxf6 8. Qb3 Kf8 9. Be6 Bxe6 10. Qxe6 Qd7 11. Qb3 c6 12. Nbd2 b5 13. 0-0 d5 14. a4 a6 1/2-1/2